000 00476nam a2200145Ia 4500
008 230917s9999||||xx |||||||||||||| ||und||
040 _e183434
_aMAIN
041 _aEnglish
082 _a327.42 D659B:D(14)
100 _aButler, Rohan, ed.
245 0 _aDocuments on British foreign policy 1919-1939- First series. V14- Far Eastern affairs, April 1920 to February 1922
260 _aLondon
_bHer Majesty's Stationery Office
_c1966
300 _alxxiii, 645 p.
942 _cBK
999 _c229698
_d229698